| 000 | 00430nam a2200181Ia 4500 | ||
|---|---|---|---|
| 001 | 13905 | ||
| 005 | 20260306164835.0 | ||
| 008 | 260306t2009||||xx |||||||||||||| ||spa|| | ||
| 041 | _aESP | ||
| 082 |
_a005.43L _bS29 |
||
| 100 |
_aSchroder,Carla _eAUT |
||
| 245 | 0 |
_aRedes en linux: _bguía de referencia |
|
| 260 | _c2009 | ||
| 300 |
_a720 páginas : _c22 cm. |
||
| 650 | _aGEN | ||
| 654 | _aCCC | ||
| 942 |
_cLIB _dJUS _fJUS _2ddc _n |
||
| 999 |
_c13905 _d13905 |
||